|
|
|
|
| LEADER |
00591nam a2200169Ia 4500 |
| 008 |
140316s9999 xx 000 0 und d |
| 020 |
|
|
|a 0333600444
|
| 082 |
|
|
|a 372.5
|b LIN/PI
|
| 100 |
|
|
|a Linney,Bob
|
| 245 |
|
|
|a Pictures, people and power : people centered visual aids for development
|
| 260 |
|
|
|a London
|b Macmillan Education ltd
|c 1995
|
| 300 |
|
|
|a 195
|
| 650 |
|
|
|a Communication
|
| 650 |
|
|
|a visual literacy
|
| 942 |
|
|
|2 ddc
|c BK
|
| 999 |
|
|
|c 3405
|d 3405
|
| 952 |
|
|
|0 0
|1 0
|2 ddc
|4 0
|6 372_500000000000000_LINPI
|7 0
|9 3918
|a KAUCLV
|b KAUCLV
|c GENERAL
|d 2014-03-18
|o 372.5 LIN/PI
|p 208216
|r 2014-03-18
|w 2014-03-18
|y BK
|